[Event "Wichern op"]
[Site "Hamburg"]
[Date "1995.??.??"]
[Round "3"]
[White "Koniushkov, Igor"]
[Black "Mueller, Karsten"]
[Result "0-1"]
[WhiteElo "2285"]
[BlackElo "2480"]

1.d4 d5 2.c4 c6 3.Nf3 Nf6 4.Nc3 e6 5.e3 Nbd7 6.Qc2 Bd6 7.Be2 O-O 8.O-O e5
9.cxd5 cxd5 10.Nb5 Bb8 11.dxe5 Nxe5 12.Nbd4 Ne4 13.Nxe5 Bxe5 14.Nf3 Bd6 15.Rd1 Be6
16.Bd2 Rc8 17.Qa4 Qb6 18.Qb5 Qxb5 19.Bxb5 Rc2 20.Rab1 Nxd2 21.Rxd2 Rxd2 22.Nxd2 Rc8
23.Bd3 d4 24.exd4 Bxa2 25.Ra1 Bd5 26.Rxa7 Rc1+ 27.Nf1 Kf8 28.Ra5 Bc6 29.d5 Bd7
30.Bb5 Rc5 31.Ra8+ Ke7 32.Bxd7 Kxd7 33.Ra7 Rb5 34.Ne3 Rxb2 35.Ra1 Bc5 36.Nd1 Rd2
37.Rb1 b6 38.Kf1 Rxd5 39.Nc3 Rd4 40.Ke2 Kc6 41.f3 f6 42.Nb5 Rd7 43.Rb3 Re7+
44.Kd2 g6 45.h3 Re3 46.Rb1 Re8 47.Kd3 Ra8 48.Nc3 Rd8+ 49.Kc2 Be3 50.Re1 Rd2+
51.Kb3 Bd4 52.Re7 b5  0-1

[Event "Wichern op"]
[Site "Hamburg"]
[Date "1995.??.??"]
[Round "4"]
[White "Panzer, Peter"]
[Black "Oparaugo, Thomas"]
[Result "1/2-1/2"]
[WhiteElo "2360"]
[BlackElo "2145"]

1.d4 Nf6 2.c4 c6 3.Nc3 d5 4.Nf3 e6 5.e3 Nbd7 6.Bd3 Bd6 7.O-O O-O 8.e4 dxc4
9.Bxc4 e5 10.Bg5 Qe7 11.d5 Nb6 12.Qb3 Rd8 13.h3 Bd7 14.Rfe1 Nxc4 15.Qxc4 Rac8
16.Qb3 Rb8 17.dxc6 bxc6 18.Qc2 h6 19.Be3 c5 20.Nd2 Be6 21.b3 Nh5 22.Nd5 Bxd5
23.exd5 Nf6 24.Nc4 Nxd5 25.Nxd6 Nxe3 26.Qxc5 Nxg2 27.Rxe5 Qxd6 28.Qxd6 Rxd6
29.Kxg2 Rb7 30.Ra5 Rc7 31.Re1 Rd2 32.a3 Rcc2 33.Re8+ Kh7 34.Rf5 Kg6 35.Rf3 Rd7
36.Re5 Rcd2 37.b4 f6 38.Ra5 R2d5 39.Rxd5 Rxd5 40.Rc3 a5 41.Rb3 axb4 42.axb4 Rb5
43.Kf3 Kf5 44.Ke3 Ke5 45.Kd3 Kd5 46.Rb1 Kc6 47.Rc1+ Kb6 48.Rc4  1/2-1/2

[Event "Wichern op"]
[Site "Hamburg"]
[Date "1995.??.??"]
[Round "7"]
[White "Koniushkov, Igor"]
[Black "Kluth, Carsten"]
[Result "1/2-1/2"]
[WhiteElo "2285"]
[BlackElo "2190"]

1.d4 d5 2.c4 e6 3.Nc3 c6 4.e3 Nf6 5.Nf3 Nbd7 6.Bd3 dxc4 7.Bxc4 b5 8.Bd3 b4
9.Na4 c5 10.dxc5 Bxc5 11.e4 Qa5 12.O-O Be7 13.a3 Bb7 14.axb4 Bxb4 15.Bf4  1/2-1/2

[Event "Wichern op"]
[Site "Hamburg"]
[Date "1995.??.??"]
[Round "7"]
[White "Murdzia, Piotr"]
[Black "Hector, Jonny"]
[Result "0-1"]
[WhiteElo "2425"]
[BlackElo "2510"]

1.d4 d5 2.c4 c6 3.Nc3 Nf6 4.e3 e6 5.Nf3 Nbd7 6.Qc2 Bd6 7.Be2 e5 8.cxd5 cxd5
9.dxe5 Nxe5 10.O-O a6 11.Rd1 Qc7 12.h3 O-O 13.Qb3 Be6 14.Ng5 Ned7 15.Bd2 Nc5
16.Qc2 Nce4 17.Ngxe4 dxe4 18.Rac1 Bf5 19.Na4 Qe7 20.Nb6 Rad8 21.Bf1 Bb8 22.f4 exf3
23.Qxf5 Rxd2 24.Qxf3 Rxb2 25.Nd5 Nxd5 26.Rxd5 b5 27.Rcd1 Qc7 28.R5d2 Rxd2
29.Rxd2 Re8 30.Bd3 Rxe3 31.Bxh7+ Kxh7 32.Qxe3 Ba7 33.Rd4 Qc4 34.Rh4+ Qxh4
35.Qxa7 Qe1+ 36.Kh2 Qe5+ 37.Kg1 Qa1+ 38.Kh2 Qxa2 39.Qd4 Qc4  0-1

[Event "Wichern op"]
[Site "Hamburg"]
[Date "1995.??.??"]
[Round "8"]
[White "Pajeken, Wolfgang"]
[Black "Murdzia, Piotr"]
[Result "1/2-1/2"]
[WhiteElo "2230"]
[BlackElo "2425"]

1.d4 d5 2.c4 e6 3.Nc3 c6 4.e3 Nf6 5.Nf3 Nbd7 6.Qc2 Bd6 7.b3 a6 8.Be2 e5 9.dxe5 Nxe5
10.cxd5 cxd5 11.Bb2 O-O 12.O-O Qc7 13.h3 Be6 14.Rac1 Rac8 15.Qb1 Qe7 16.Rfd1 Ned7
17.Nd4 g6 18.Bf1 Nc5 19.Qa1 Nfe4 20.Nf3 Nxc3 21.Bxc3 Ne4 22.Bg7 Rfe8 23.Rxc8 Rxc8
24.Be5 Bxe5 25.Qxe5 Qc7 26.Qxc7 Rxc7 27.Nd4 Kf8 28.f3 Nf6 29.Rd2 Ke7 30.Kf2 Kd6
31.Rc2 Rxc2+ 32.Nxc2 Bf5 33.Nd4 Bb1 34.a3 Nd7 35.Ke1 Nc5 36.Kd2 g5 37.Kc3 h5
38.b4 Nd7 39.Nb3 Bf5 40.Kd4 Ne5 41.Na5  1/2-1/2

[Event "Wichern op"]
[Site "Hamburg"]
[Date "1995.??.??"]
[Round "9"]
[White "Wendt, Jan Dietrich"]
[Black "Jaracz, Pawel"]
[Result "0-1"]
[WhiteElo "2230"]
[BlackElo "2395"]

1.d4 Nf6 2.Nf3 d5 3.c4 c6 4.Nc3 e6 5.e3 Nbd7 6.Bd3 dxc4 7.Bxc4 b5 8.Bd3 a6
9.e4 c5 10.e5 cxd4 11.Nxb5 axb5 12.exf6 Qb6 13.fxg7 Bxg7 14.O-O O-O 15.Qe2 Nc5
16.Bf4 Nxd3 17.Qxd3 f6 18.Rfe1 e5 19.Bd2 Be6 20.Bb4 Rf7 21.a3 Bc4 22.Qf5 Rd8
23.Rad1 Be6 24.Qd3 Rd5 25.Qb1 Qd8 26.Qa2 d3 27.Rxd3 Rxd3 28.Qxe6 Qd7 29.Qa6 Bf8
30.Bxf8 Rxf8 31.h3 Rd6 32.Qa5 Rc8 33.Re2 Rd1+ 34.Re1 Rd3 35.Re4 Kh8 36.Re3 Rg8
37.Rxd3 Qxd3 38.Ne1 Qe2 39.Qc3 Rd8 40.Nf3 Qc4 41.Qe3 Rd1+ 42.Kh2 Qf4+ 43.Qxf4 exf4
44.b4 Kg8 45.g3 Rd3 46.Kg2 Kf7 47.gxf4 Ke6  0-1

[Event "Hania op"]
[Site "Hania"]
[Date "1995.??.??"]
[Round "4"]
[White "Grivas, Efstratios"]
[Black "Dokimakis, Stylianos"]
[Result "1-0"]
[WhiteElo "2495"]
[BlackElo "2040"]

1.d4 d5 2.c4 c6 3.Nf3 Nf6 4.Nc3 e6 5.e3 Nbd7 6.Bd3 dxc4 7.Bxc4 b5 8.Bd3 a6
9.a4 Bb7 10.O-O Be7 11.axb5 axb5 12.Bd2 O-O 13.Qc2 Rc8 14.Ne5 b4 15.Nxd7 Qxd7
16.Ne4 c5 17.Nxf6+ gxf6 18.Bxh7+ Kg7 19.Be4 cxd4 20.Qd3 Bxe4 21.Qxe4 dxe3
22.Qg4+ Kh7 23.Bxe3 Rh8 24.Rfd1 Qe8 25.Rd3 f5 26.Qh5+ Kg8 27.Bh6  1-0

[Event "Hania op"]
[Site "Hania"]
[Date "1995.??.??"]
[Round "9"]
[White "Skembris, Spyridon"]
[Black "Lirindzakis, Timotheos"]
[Result "1/2-1/2"]
[WhiteElo "2525"]
[BlackElo "2395"]

1.d4 d5 2.c4 c6 3.Nf3 Nf6 4.Nc3 e6 5.e3 Nbd7 6.Qc2 Bd6 7.Be2 O-O 8.O-O b6
9.e4 dxe4 10.Nxe4 Nxe4 11.Qxe4 Bb7 12.Bf4 Nf6 13.Qe3 Bxf4 14.Qxf4 Qe7 15.Rad1 Rad8
16.Ne5 c5 17.Bf3 Bxf3 18.Qxf3 Qc7 19.Qc6 Qb8  1/2-1/2

[Event "Helsinki We HOSK"]
[Site "Helsinki"]
[Date "1995.??.??"]
[Round "?"]
[White "Yrjola, Jouni"]
[Black "Tella, Jussi"]
[Result "1-0"]
[WhiteElo "2440"]
[BlackElo "2240"]

1.d4 d5 2.c4 c6 3.Nf3 Nf6 4.Nc3 e6 5.e3 Nbd7 6.Qc2 Bd6 7.Bd3 O-O 8.O-O e5
9.cxd5 cxd5 10.Nb5 Bb8 11.dxe5 Nxe5 12.Nxe5 Bxe5 13.Nd4 Re8 14.Bd2 Ne4 15.Be1 Qd6
16.Nf3 Bf6 17.Rd1 Bf5 18.Nd4 Bg6 19.Nb5 Qb6 20.Qc7 Rec8 21.Qxb6 axb6 22.f3 Nc5
23.Bxg6 hxg6 24.b4 Ne6 25.Rf2 Rd8 26.Rfd2 Bg5 27.Bf2 d4 28.Nxd4 Nxd4 29.Rxd4 Rxd4
30.exd4 Rxa2 31.d5 Bd8 32.Re1 Kf8 33.Bg3 Bf6 34.Bd6+ Kg8 35.Rd1 Bc3 36.Bc7 Rd2
37.Rxd2 Bxd2 38.d6 Bf4 39.g3 Be5 40.f4 Bd4+ 41.Kg2  1-0

[Event "Helsinki PC-SuperSto"]
[Site "Helsinki"]
[Date "1995.??.??"]
[Round "?"]
[White "Niemela, Antti"]
[Black "Koskinen, Henri"]
[Result "1/2-1/2"]
[WhiteElo "2190"]
[BlackElo "2260"]

1.d4 d5 2.c4 c6 3.Nf3 Nf6 4.Nc3 e6 5.e3 Nbd7 6.Bd3 dxc4 7.Bxc4 b5 8.Bd3 a6
9.e4 c5 10.e5 cxd4 11.Nxb5 Nxe5 12.Nxe5 axb5 13.Bxb5+ Bd7 14.Nxd7 Qa5+ 15.Bd2 Qxb5
16.Nxf8 Kxf8 17.a4 Qxb2 18.O-O Ne4 19.Qf3 f5 20.Bf4 Qc3 21.Qh5 Qc6 22.Be5 Qe8
23.Qxe8+ Rxe8 24.Bxd4 Nd2 25.Rfd1 Nb3 26.Rab1 Nxd4 27.Rxd4 Kf7 28.a5 Rb8
29.Ra1 Rb7 30.a6 Ra8 31.Kf1 Ke7 32.Ke2 Rba7 33.Rda4 Kd6 34.Kd3 Kc6 35.Kd4 Kd6
36.f4 Rb8 37.R1a2 Rb6 38.Kc3 Rc6+ 39.Kb4 Rb6+ 40.Kc4 Rc7+ 41.Kd4 Ra7  1/2-1/2

[Event "Hillerod Politiken"]
[Site "Hillerod"]
[Date "1995.??.??"]
[Round "9"]
[White "Olafsson, Helgi"]
[Black "Gausel, Einar"]
[Result "1/2-1/2"]
[WhiteElo "2520"]
[BlackElo "2490"]

1.d4 Nf6 2.c4 e6 3.Nf3 d5 4.Nc3 c6 5.e3 Nbd7 6.Qc2 Bd6 7.Be2 O-O 8.O-O Re8
9.Rd1 Qe7 10.b3 h6 11.h3 a6 12.Bb2 dxc4 13.bxc4 e5 14.c5 Bc7 15.dxe5 Nxe5
16.Na4 Nxf3+ 17.Bxf3 Ne4 18.Bxe4 Qxe4 19.Qxe4 Rxe4 20.Bd4 Re7 21.f3 Be6 22.Kf2 Rd8
23.Rd2 f5 24.f4 Kf7 25.Rb1 Bc8 26.Nb6 Be6 27.Rbb2 g5 28.g3 gxf4 29.gxf4 Rg8
30.Bc3 h5 31.Be5 Bxb6 32.Rxb6 h4 33.Bd6 Rd7 34.Rdb2 Bd5 35.Rxb7 Rg2+ 36.Kf1 Rxb7
37.Rxb7+ Kg6 38.Be7 Rg3 39.Bxh4 Rxe3 40.a4 Rxh3 41.Bf2 Ra3 42.Rb4 Kh5 43.Be1 Ra2
44.Bc3 Kg4 45.Ke1 Rc2 46.Be5 Bf3 47.Rb8 Kg3 48.Rb2 Rxc5 49.Kd2 Bd5 50.Bc7 Rc4
51.a5 Rd4+ 52.Kc3 Rc4+ 53.Kd2 Rd4+  1/2-1/2

[Event "EU-ch U20"]
[Site "Holon"]
[Date "1995.??.??"]
[Round "4"]
[White "Hedman, Erik"]
[Black "Murdzia, Piotr"]
[Result "1/2-1/2"]
[WhiteElo "2320"]
[BlackElo "2425"]

1.d4 d5 2.c4 e6 3.Nc3 c6 4.e3 Nf6 5.Nf3 Nbd7 6.Bd3 dxc4 7.Bxc4 b5 8.Be2 Bb7
9.O-O a6 10.e4 c5 11.e5 Nd5 12.a4 b4 13.Ne4 Qb8 14.a5 cxd4 15.Qxd4 Qa7 16.Qxa7 Rxa7
17.Bd2 Be7 18.Rfc1 O-O 19.Rc4 Raa8 20.Rac1 Rfc8 21.Rxc8+ Rxc8 22.Rxc8+ Bxc8
23.Nd6 Bxd6 24.exd6 Bb7 25.Bc4 Kf8 26.Bxd5 Bxd5 27.Bxb4 f6 28.Kf1 e5 29.Ke2 Kf7
30.Ne1 Bc4+ 31.Kd2 Ke6 32.Nc2 Bb5 33.Ne3 Nb8 34.Bc5 Nc6 35.b4 Nd8 36.Kc3 Nb7
37.Nc4 g6 38.g3 f5 39.h4 Kd5 40.Nb6+ Ke6 41.d7 Nd8 42.Be3 Bxd7 43.Nxd7 Kxd7
44.b5 axb5 45.a6 Kc6 46.a7 Kb7 47.Kb4 f4 48.Bc5 Ne6 49.Kxb5 e4 50.gxf4 Nxf4
51.Kc4 Ng2 52.Kd5  1/2-1/2

[Event "Horgen"]
[Site "Horgen"]
[Date "1995.??.??"]
[Round "5"]
[White "Jussupow, Artur"]
[Black "Kramnik, Vladimir"]
[Result "1/2-1/2"]
[WhiteElo "2680"]
[BlackElo "2730"]

1.d4 d5 2.c4 c6 3.Nc3 Nf6 4.e3 e6 5.Nf3 Nbd7 6.Bd3 dxc4 7.Bxc4 b5 8.Bd3 Bb7
9.e4 b4 10.Na4 c5 11.e5 Nd5 12.dxc5 Nxc5 13.Bb5+ Nd7 14.Bg5 Qa5 15.Bxd7+ Kxd7
16.O-O Be7 17.b3 h6 18.Bxe7 Kxe7 19.Nd2 Nf4 20.Nc4 Qd5 21.Qxd5 Bxd5 22.Ne3 Rhc8
23.Rfe1 Be4 24.f3 Bg6 25.Nc4 Nd3 26.Red1 Rd8 27.a3 bxa3  1/2-1/2

[Event "HUN-chT1"]
[Site "HUN"]
[Date "1995.??.??"]
[Round "?"]
[White "Sutorikhin, Vladimir"]
[Black "Foldi, Jozsef"]
[Result "1-0"]
[WhiteElo "2360"]
[BlackElo "2305"]

1.d4 d5 2.c4 c6 3.Nc3 Nf6 4.e3 e6 5.Nf3 Nbd7 6.Qc2 Bd6 7.Bd3 O-O 8.O-O Qe7
9.h3 dxc4 10.Bxc4 e5 11.Bb3 b6 12.Rd1 Ba6 13.e4 h6 14.dxe5 Bxe5 15.Nxe5 Nxe5
16.f4 Qc5+ 17.Kh2 Ng6 18.e5 Nd5 19.Nxd5 Qxc2 20.Nf6+ gxf6 21.Bxc2 fxe5 22.fxe5 Nxe5
23.Bxh6 Rfd8 24.Bg5 Rxd1 25.Rxd1 Re8 26.Kg3 Bc4 27.Bf6 Nd3 28.b3 Bb5 29.Kh2 Re6
30.Bc3 Rd6 31.a4 Ba6 32.a5 Rd5 33.axb6 axb6 34.Ra1 Bb5 35.Ra8+ Kh7 36.b4 Bc4
37.g4 f5 38.Rf8 Kg6 39.Rc8 Rd6 40.Rc7 Re6 41.Kg3 fxg4 42.hxg4 Kg5 43.Rg7+ Rg6
44.Rd7  1-0

[Event "HUN-chT1"]
[Site "HUN"]
[Date "1995.??.??"]
[Round "?"]
[White "Zsinka, Laszlo"]
[Black "Feher, Gyula"]
[Result "0-1"]
[WhiteElo "2355"]
[BlackElo "2420"]

1.d4 d5 2.c4 c6 3.Nc3 Nf6 4.Nf3 e6 5.e3 Nbd7 6.Bd3 dxc4 7.Bxc4 b5 8.Be2 Bb7
9.Qc2 a6 10.e4 c5 11.dxc5 Bxc5 12.O-O Qc7 13.Bd3 Ng4 14.Qe2 O-O 15.h3 Nge5
16.Nxe5 Nxe5 17.Bf4 Bd6 18.Rad1 Nf3+ 19.Qxf3 Bxf4 20.Qg4 Rad8 21.Rfe1 Be5
22.Re3 Rd7 23.Bf1 Rfd8 24.Rxd7 Rxd7 25.Qe2 h6 26.Rd3 Rd4 27.Rxd4 Bxd4 28.Qd3 Qe5
29.a4 b4 30.Nd1 a5 31.Qc4 Bxe4 32.Qc8+ Kh7 33.Qd8 Bc2 34.Ne3 Bxe3 35.Bd3+ Bxd3
36.Qxd3+ f5 37.fxe3 Qxb2 38.Qb5 Qc2 39.Qxa5 b3  0-1

[Event "HUN-chT1"]
[Site "HUN"]
[Date "1995.??.??"]
[Round "?"]
[White "Halasz, Tamas"]
[Black "Mann, Gerald"]
[Result "1/2-1/2"]
[WhiteElo "2365"]
[BlackElo "2350"]

1.d4 d5 2.c4 c6 3.Nc3 Nf6 4.e3 e6 5.Nf3 Nbd7 6.Bd3 dxc4 7.Bxc4 b5 8.Bd3 a6
9.e4 c5 10.e5 cxd4 11.Nxb5 Nxe5 12.Nxe5 axb5 13.Bxb5+ Bd7 14.Nxd7 Qa5+ 15.Bd2 Qxb5
16.Nxf8 Kxf8 17.b3 Nd5 18.a4 Qd3 19.Qf3 Qxf3 20.gxf3 Ke7 21.Ke2 Rhb8 22.Rhb1 Nb4
23.a5 Rb5 24.Ra4 Nc6 25.Rc4 d3+ 26.Ke3 Re5+ 27.Re4 Rd5 28.b4 f5 29.Rc4 Ne5
30.Rc7+ Kd6 31.Rbc1 g5 32.R1c5 Rxa5 33.Rxa5 Rxa5 34.bxa5 Kxc7 35.Bc3 Ng6
36.Kxd3 Kc6  1/2-1/2

[Event "HUN-chT1"]
[Site "HUN"]
[Date "1995.??.??"]
[Round "?"]
[White "Izsak, Gyula"]
[Black "Dao Thien Hai"]
[Result "1-0"]
[WhiteElo "2445"]
[BlackElo "2480"]

1.d4 d5 2.Nf3 c6 3.e3 Nf6 4.c4 e6 5.Nc3 Nbd7 6.Bd3 dxc4 7.Bxc4 b5 8.Bd3 a6
9.e4 c5 10.d5 c4 11.dxe6 fxe6 12.Bc2 Bb7 13.Qe2 Qb6 14.O-O Bc5 15.e5 Nd5
16.Ng5 g6 17.Nce4 Qc6 18.Qg4 Nc7 19.Nxc5 Nxc5 20.Be3 O-O-O 21.Nf7 Rdf8 22.Nxh8 Rxh8
23.Rad1 Nd7 24.Qg3 Nd5 25.Be4 Qc7 26.Bd4 Rf8 27.Bxd5 Bxd5 28.Qa3 Kb7 29.f3 Rf7
30.Qe3 Rf5 31.Rfe1 g5 32.Rd2 h5 33.Bc3 Qc6 34.Bd4 Nf8 35.b3 cxb3 36.axb3 Ng6
37.Rf2 Nf4 38.Rc1 Qd7 39.Ba7 Qd8 40.Rfc2 Rf8 41.Rc7+ Ka8 42.Bb6 Kb8 43.Ba5  1-0

[Event "HUN-chT1"]
[Site "HUN"]
[Date "1995.??.??"]
[Round "?"]
[White "Eperjesi, Laszlo"]
[Black "Siklosi, Zoltan"]
[Result "1/2-1/2"]
[WhiteElo "2350"]
[BlackElo "2370"]

1.d4 d5 2.c4 c6 3.Nc3 Nf6 4.e3 e6 5.Nf3 Nbd7 6.Qc2 Bd6 7.Be2 O-O 8.O-O Re8
9.Rd1 Qe7 10.h3 b6 11.e4 dxe4 12.Nxe4 Nxe4 13.Qxe4 Bb7 14.Bf4 Bxf4 15.Qxf4 c5
16.Ne5 Rad8 17.Nxd7 Rxd7 18.dxc5  1/2-1/2

[Event "HUN-chT1"]
[Site "HUN"]
[Date "1995.??.??"]
[Round "?"]
[White "Csiszar, Csaba"]
[Black "Gerencer, Jozef"]
[Result "1-0"]
[WhiteElo "2380"]
[BlackElo "2210"]

1.d4 Nf6 2.c4 e6 3.Nf3 d5 4.Nc3 c6 5.e3 Nbd7 6.Bd3 Bd6 7.O-O O-O 8.e4 dxe4
9.Nxe4 Nxe4 10.Bxe4 f5 11.Bc2 e5 12.Bb3 Kh8 13.Bg5 Qe8 14.dxe5 Bc7 15.Re1 Nc5
16.Bc2 Be6 17.Qd4 Na6 18.Rad1 Qf7 19.Qh4 Rfe8 20.b3 Kg8 21.Qg3 Nb4 22.Bb1 c5
23.Be3 b6 24.Ng5 Qe7 25.Qh3 g6 26.Nxe6 Qxe6 27.f4 Rad8 28.Qf3 Nc6 29.Rd5 Nb4
30.Rxd8 Rxd8 31.Rd1 Rxd1+ 32.Qxd1 Nc6 33.Qd2 Kf7 34.Bc2 Ke7 35.Qf2 Kf7 36.Bd1 Kg7
37.Bf3 Ne7 38.Qd2 Kf8 39.a3 Ke8 40.Bd5 Qd7 41.b4 cxb4 42.axb4 Kd8 43.Qd4 Kc8
44.h3 Qa4 45.Be6+ Kb8 46.c5 Qc6 47.Bb3 Qb5 48.Be6 Qc6 49.Bc4 Qa4 50.cxb6 axb6
51.b5 Qb4 52.Kh2 h5 53.Be2 Qb3 54.h4 Nd5 55.Bd2 Ne7 56.Bb4 Nd5 57.Bd6 Nc3
58.Qxb6+  1-0

[Event "HUN-chT1"]
[Site "HUN"]
[Date "1995.??.??"]
[Round "?"]
[White "Berta, Krisztian"]
[Black "Gerencer, Jozef"]
[Result "1/2-1/2"]
[WhiteElo "2245"]
[BlackElo "2210"]

1.d4 Nf6 2.c4 e6 3.Nf3 d5 4.Nc3 c6 5.e3 Nbd7 6.Qc2 Bd6 7.Bd3 dxc4 8.Bxc4 e5
9.O-O O-O 10.Rd1 Qc7 11.b3 exd4 12.exd4 Nb6 13.h3 Nxc4 14.bxc4 Bf4 15.Bb2 Be6
16.Ne2 Rfe8 17.Ne5 Bxe5 18.dxe5 Nd7 19.f4 Nb6 20.c5 Nd5 21.Qe4 Qd7 22.Nd4 g6
23.Rf1 Rad8 24.f5 gxf5 25.Nxf5 Bxf5 26.Rxf5 Re6 27.Raf1 Rf8 28.Rh5 Rg6 29.Qh4 Qe7
30.Rxh7 Qxh4 31.Rxh4 Ne3 32.Rf2 Nd1 33.Rd2 Nxb2 34.Rxb2 Re8 35.Rxb7 Rxe5
36.Rf4 Rg7 37.Rxa7 Rxc5 38.Rf2 Rc3 39.Kh2 Rc1 40.a4 Ra1 41.Rc2 Rg6 42.Ra6 Kg7
43.Raxc6 Rxc6 44.Rxc6 Rxa4 45.Rc2 Kg6 46.Kg3 Rb4 47.Rc3 Ra4 48.Kf3 Ra6 49.Re3 Rb6
50.g3 Ra6 51.Kf4 Rb6 52.Re4 Rb3 53.h4 Rb1 54.g4 Rf1+ 55.Ke5 f5  1/2-1/2

[Event "HUN-chT1"]
[Site "HUN"]
[Date "1995.??.??"]
[Round "?"]
[White "Mate, Laszlo"]
[Black "Nemeth, Zoltan"]
[Result "1-0"]
[WhiteElo "2345"]
[BlackElo "2380"]

1.c4 c6 2.d4 d5 3.Nc3 Nf6 4.e3 e6 5.Nf3 Nbd7 6.Qc2 Bd6 7.Be2 dxc4 8.a4 c5
9.Bxc4 O-O 10.O-O cxd4 11.exd4 b6 12.Nb5 Bb8 13.Qe2 Bb7 14.Ne5 Nd5 15.Bd2 Qe7
16.Rad1 Rd8 17.Rfe1 Nf8 18.b3 Qh4 19.Qf3 f5 20.Qg3 Qxg3 21.hxg3 a6 22.Nc3 h6
23.Nxd5 Bxd5 24.Bxd5 Rxd5 25.Nc4 Bc7 26.Bf4 Bxf4 27.Nxb6 Rb8 28.Nxd5 Bd6
29.Nf4 Bxf4 30.gxf4 Rxb3 31.d5 exd5 32.Rxd5 g6 33.Rd6 a5 34.Rd5 Rb4 35.Rxa5 Rxf4
36.Re7 Rd4 37.Ra8 Re4 38.Rxe4 fxe4 39.a5 Kf7 40.Rxf8+  1-0

[Event "HUN-chT1"]
[Site "HUN"]
[Date "1995.??.??"]
[Round "?"]
[White "Lehmann, Zoltan"]
[Black "Mann, Gerald"]
[Result "1-0"]
[WhiteElo "2340"]
[BlackElo "2350"]

1.d4 d5 2.c4 c6 3.Nf3 Nf6 4.Nc3 e6 5.e3 Nbd7 6.Qc2 Bd6 7.b3 O-O 8.Be2 a6
9.O-O dxc4 10.bxc4 c5 11.Rd1 Qc7 12.h3 b6 13.a4 Bb7 14.d5 exd5 15.cxd5 Rfe8
16.Bb2 Rad8 17.e4 Ne5 18.Nd2 Ng6 19.Nc4 Be5 20.Nxe5 Qxe5 21.Bf1 Bc8 22.Re1 Qh5
23.Re3 Qh4 24.Rae1 Nf4 25.Nb1 N6h5 26.Nd2 Rd6 27.Nf3 Qd8 28.Kh1 Rh6 29.a5 b5
30.Qxc5 Qxa5 31.d6 Bg4 32.Ra1 Qd8 33.Rxa6 Bc8 34.Ra8 Ne6 35.Qxb5 Nhf4 36.Rxc8  1-0

[Event "HUN-chT1"]
[Site "HUN"]
[Date "1995.??.??"]
[Round "?"]
[White "Petran, Pal"]
[Black "Karolyi, Tibor Jr"]
[Result "1/2-1/2"]
[WhiteElo "2470"]
[BlackElo "2385"]

1.d4 Nf6 2.c4 e6 3.Nf3 d5 4.Nc3 c6 5.e3 Nbd7 6.Bd3 dxc4 7.Bxc4 b5 8.Bd3 a6
9.e4 c5 10.e5 cxd4  1/2-1/2

[Event "HUN-chT2 9495"]
[Site "HUN"]
[Date "1995.??.??"]
[Round "?"]
[White "Kozma, Karoly"]
[Black "Acs, Peter"]
[Result "0-1"]
[WhiteElo "2340"]
[BlackElo "2240"]

1.d4 d5 2.c4 c6 3.Nc3 Nf6 4.Nf3 e6 5.e3 Nbd7 6.Qc2 Bd6 7.Be2 O-O 8.O-O e5
9.cxd5 cxd5 10.Nb5 Bb8 11.dxe5 Nxe5 12.b3 Bg4 13.Nbd4 Qd6 14.Nxe5 Qxe5 15.f4 Qc7
16.Qd3 Bxe2 17.Nxe2 Qe7 18.Bb2 Rd8 19.Ng3 Bc7 20.Rf3 Bb6 21.Be5 g6 22.Nf5 gxf5
23.Rg3+ Kf8 24.Qxf5 Rd6 25.Qg5 Qe6 26.Rd1 Rad8 27.h3 Ne4 28.Bxd6+ Qxd6 29.Qg7+ Ke7
30.Rf3 Qf6 31.Qg4 Qg6 32.Qh4+ f6 33.f5 Qg7 34.Rxd5 Rxd5 35.Qxe4+ Re5 36.Qxb7+ Kf8
37.Qb8+ Re8 38.Qf4 Qc7 39.Qh6+ Qg7 40.Qf4 Qc7 41.Qh6+ Kg8 42.Qxf6 Bxe3+ 43.Rxe3 Qc1+  0-1

[Event "HUN-chT2 9495"]
[Site "HUN"]
[Date "1995.??.??"]
[Round "?"]
[White "Kovacs, Janos"]
[Black "Szabo, Zsolt Jozsef"]
[Result "1-0"]
[WhiteElo "2180"]
[BlackElo "2225"]

1.d4 Nf6 2.c4 e6 3.Nf3 d5 4.e3 c6 5.Nc3 Nbd7 6.Bd3 Bd6 7.O-O O-O 8.Qe2 dxc4
9.Bxc4 e5 10.Rd1 e4 11.Ng5 Qe7 12.Qc2 Nb6 13.Be2 Re8 14.f3 exf3 15.Bxf3 h6
16.Nge4 Ng4 17.h3 Nh2 18.Be2 Bc7 19.Bd3 f5 20.Nc5 Qg5 21.Qf2 Bg3 22.Qe2 Qh4
23.Qc2 Ng4 24.Bxf5 Bf2+ 25.Kh1 Rxe3 26.Qb3+ Kh8 27.Bxe3 Nxe3 28.Bxc8 Rxc8
29.N3e4 Nbd5 30.Qxb7 Re8 31.Qf7  1-0

[Event "HUN-chT2 9495"]
[Site "HUN"]
[Date "1995.??.??"]
[Round "?"]
[White "Kovacs, Janos"]
[Black "Majdanics, Antal"]
[Result "1-0"]
[WhiteElo "2180"]
[BlackElo "2200"]

1.d4 Nf6 2.c4 e6 3.Nf3 d5 4.Nc3 c6 5.e3 Nbd7 6.Bd3 dxc4 7.Bxc4 b5 8.Bd3 b4
9.Na4 Be7 10.O-O Bb7 11.Qe2 O-O 12.Rd1 Qa5 13.b3 Qh5 14.Ne5 Qxe2 15.Bxe2 Rfd8
16.Nxd7 Nxd7 17.Bb2 c5 18.Bb5 cxd4 19.Bxd4 Nf6 20.Rac1 a6 21.Be2 Rac8 22.Nb6 Rxc1
23.Rxc1 Ne8 24.f3 Bd6 25.Nc4 Rc8 26.Rd1 Bc7 27.Kf2 Nd6 28.Nxd6 Bxd6 29.Bxg7 Bxh2
30.Bf6 Bc7 31.Bd3 h5 32.g4 h4 33.Bxh4 Be5 34.Be7 a5 35.Bc4 Bc6 36.Rd8+ Rxd8
37.Bxd8 a4 38.Be7 Bc3 39.Bc5 e5 40.Be7 Kg7 41.g5 a3 42.Ke2 e4 43.f4 Bd7 44.Bc5 Bg4+
45.Kf2 Kg6 46.Bd5 Bf3 47.Bd4 Bb2 48.Bc4 Bd1 49.Ke1 Bc2 50.Kd2 Bb1 51.Bc5 Bc3+
52.Kc1 Bxa2 53.Kc2 f6 54.gxf6 Kxf6 55.Bd5 Kf5 56.Bc6 Be1 57.Bd4 Bc3 58.Bd7+ Kg6
59.Bxc3 bxc3 60.Kxc3 Bb1 61.b4 Ba2 62.b5  1-0

[Event "HUN-chT2 9495"]
[Site "HUN"]
[Date "1995.??.??"]
[Round "?"]
[White "Kecskes, Gabor"]
[Black "Sulyok, Sandor"]
[Result "0-1"]
[WhiteElo "2100"]
[BlackElo "2255"]

1.d4 d5 2.c4 c6 3.Nf3 Nf6 4.Nc3 e6 5.e3 Nbd7 6.Qc2 Bd6 7.Be2 O-O 8.O-O Re8
9.Rd1 Qe7 10.b3 dxc4 11.bxc4 e5 12.Rb1 e4 13.Nd2 Nf8 14.c5 Bc7 15.Ba3 Bf5
16.h3 Rad8 17.Nc4 Qe6 18.Rxb7 Re7 19.Rb2 Bxh3 20.gxh3 Qxh3 21.Nd6 Ng6 22.f3 Nh4
23.Kf2 Qg2+ 24.Ke1 exf3 25.Kd2 fxe2 26.Nxe2 Qf2 27.Rb3 Nf3+ 28.Kc1 Rxe3 29.Nc3 Qxc2+
30.Kxc2 Ng5 31.Rg1 Ne6 32.Rd1 h5 33.Rb7 Ba5 34.Rd3 Rxd3 35.Kxd3 Bxc3 36.Kxc3 Rd7
37.Rb8+ Kh7 38.Rc8 h4 39.Rb8 g5 40.Bc1 h3 41.Rb2 g4 42.Rf2 Rxd6 43.Rxf6 Rxd4
44.Rxf7+ Kg6 45.Rf1 Re4  0-1

[Event "HUN-chT2 9495"]
[Site "HUN"]
[Date "1995.??.??"]
[Round "?"]
[White "Kecskes, Gabor"]
[Black "Radnoti, Gergely"]
[Result "1-0"]
[WhiteElo "2100"]
[BlackElo "2095"]

1.d4 d5 2.c4 c6 3.Nf3 Nf6 4.Nc3 e6 5.e3 Nbd7 6.Bd3 dxc4 7.Bxc4 b5 8.Bd3 a6
9.e4 c5 10.d5 exd5 11.e5 Ng4 12.Nxd5 Ndxe5 13.Be4 Bb7 14.O-O Bd6 15.Nxe5 Nxe5
16.Qh5 g6 17.Qh6 Ng4 18.Qh3 f5 19.Bxf5 Bxd5 20.Bxg4 O-O 21.Rd1 Qf6 22.Be3 Bf7
23.Rd2 Rfd8 24.Rad1 Bf8 25.b3 Rxd2 26.Bxd2 Bxb3 27.axb3 a5 28.Be6+ Kh8 29.Bc3  1-0

[Event "HUN-chT2 9495"]
[Site "HUN"]
[Date "1995.??.??"]
[Round "?"]
[White "Juhasz, Bela"]
[Black "Katona, Marton"]
[Result "1-0"]
[WhiteElo "2205"]
[BlackElo "2200"]

1.Nf3 Nf6 2.d4 d5 3.c4 c6 4.Nc3 e6 5.e3 Nbd7 6.Qc2 Bd6 7.Be2 O-O 8.b3 Re8
9.O-O Qe7 10.Re1 b6 11.e4 dxe4 12.Nxe4 Nxe4 13.Qxe4 Bb7 14.Bd3 f5 15.Qe2 c5
16.Bb2 cxd4 17.Nxd4 Qh4 18.g3 Qh3 19.Qf1 Qxf1+ 20.Bxf1 Ne5 21.Rad1 Rad8 22.Bg2 Bxg2
23.Kxg2 Bb8 24.Nxe6 Rxd1 25.Rxd1 Kf7 26.Nd8+ Kg6 27.Bxe5 Bxe5 28.Nc6 Bf6
29.Nxa7 Re2 30.a4 Be7 31.Rd3 Bc5 32.Rf3 Kf6 33.h4 g6 34.Nb5 Ke5 35.Nc3 Rc2
36.Nd5 h6 37.Nf4 g5 38.hxg5 hxg5 39.Nd3+  1-0

[Event "Papp Bela mem"]
[Site "HUN"]
[Date "1995.??.??"]
[Round "?"]
[White "Korpics, Zsolt"]
[Black "Saleh, Nabil"]
[Result "1/2-1/2"]
[WhiteElo "2305"]
[BlackElo "2140"]

1.Nf3 d5 2.d4 Nf6 3.c4 c6 4.Nc3 e6 5.e3 Nbd7 6.Qc2 Be7 7.Bd3 dxc4 8.Bxc4 b5
9.Bd3 Bb7 10.e4 b4 11.e5 bxc3 12.exf6 gxf6 13.bxc3 c5 14.Be4 Bxe4 15.Qxe4 cxd4
16.cxd4 Nb6 17.O-O Qd5 18.Qe2 Bd6 19.Rb1 Rc8 20.a4 Qc4 21.Qxc4 Rxc4 22.a5 Nd5
23.Rb7 Rb4 24.Rxa7 Bb8 25.Ra6 Nc7 26.Rc6 Kd7 27.Rc2 Ra4 28.Bd2 Nd5  1/2-1/2

[Event "Papp Bela mem"]
[Site "HUN"]
[Date "1995.??.??"]
[Round "?"]
[White "Csiszar, Csaba"]
[Black "Rogozenko, Dorin"]
[Result "1/2-1/2"]
[WhiteElo "2390"]
[BlackElo "2440"]

1.d4 d5 2.c4 c6 3.Nf3 Nf6 4.Nc3 e6 5.e3 Nbd7 6.Bd3 dxc4 7.Bxc4 b5 8.Bd3 a6
9.e4 c5 10.d5 c4 11.dxe6 fxe6 12.Bc2 Qc7 13.O-O Bc5 14.h3 O-O 15.Qe2 Bb7
16.Be3 Rae8 17.Rad1 Re7 18.g3 Qb6 19.Nd4 g6 20.b4 cxb3 21.Bxb3 Kh8 22.a4 b4
23.a5 Qxa5 24.e5 bxc3 25.exf6 Rxf6 26.Nxe6 Bxe3 27.fxe3 Qe5 28.Rxf6 Nxf6
29.Rd8+ Re8 30.Qd3 Bc6 31.Kf1 Ne4 32.Rxe8+ Bxe8 33.Qd8 Nxg3+ 34.Kf2  1/2-1/2

[Event "Papp Bela mem"]
[Site "HUN"]
[Date "1995.??.??"]
[Round "?"]
[White "Csiszar, Csaba"]
[Black "Bagyanszky, Attila"]
[Result "1-0"]
[WhiteElo "2390"]
[BlackElo "2130"]

1.d4 d5 2.c4 c6 3.Nf3 Nf6 4.Nc3 e6 5.e3 Nbd7 6.Bd3 dxc4 7.Bxc4 b5 8.Bd3 a6
9.O-O Bb7 10.a4 b4 11.Nb1 a5 12.e4 Be7 13.Nbd2 c5 14.e5 Nd5 15.Ne4 h6 16.dxc5 Bxc5
17.Re1 Ne7 18.Bb5 Rc8 19.Nd4 O-O 20.Nb3 Bxe4 21.Rxe4 Nd5 22.Bd2 f5 23.exf6 Rxf6
24.Be3 Bxe3 25.fxe3 Nc5 26.Nxc5 Rxc5 27.Qd4 Rc2 28.Bd3 Rd2 29.Rg4 Kh8 30.Rc1 Qe7
31.h3 Rf8 32.Rg6 Nf6 33.Qc4 Qa7 34.Rg3 Rd8 35.Bf1 Nd5 36.Qe4 Qf7 37.Rf3 Nf6
38.Qe5 R2d5 39.Qg3 e5 40.Bc4 Rd1+ 41.Kh2 Qe7 42.Rxd1 Rxd1 43.Rf5 Qd8 44.b3 e4
45.Rb5 Nd7 46.Rb7 Qf6 47.Ra7 Qd8 48.Rc7 Qf6 49.Rc8+ Nf8  1-0